Fundamentals of Advanced Accounting (Record no. 480620)
[ view plain ]
| 000 -LEADER | |
|---|---|
| fixed length control field | 00734nam a2200205Ia 4500 |
| 008 - FIXED-LENGTH DATA ELEMENTS--GENERAL INFORMATION | |
| fixed length control field | 100315s9999 xx 000 0 und d |
| 020 ## - INTERNATIONAL STANDARD BOOK NUMBER | |
| International Standard Book Number | 8121926629 |
| 040 ## - CATALOGING SOURCE | |
| Transcribing agency | ENGLISH |
| 082 ## - DEWEY DECIMAL CLASSIFICATION NUMBER | |
| Item number | 5885 |
| Classification number | 657.046 |
| 100 ## - MAIN ENTRY--PERSONAL NAME | |
| Personal name | "Pillai, R.S.N., Bagavathi, Uma, S. " |
| 245 ## - TITLE STATEMENT | |
| Title | Fundamentals of Advanced Accounting |
| 260 ## - PUBLICATION, DISTRIBUTION, ETC. (IMPRINT) | |
| Place of publication, distribution, etc | New Delhi |
| Name of publisher, distributor, etc | "Chand, S " |
| Date of publication, distribution, etc | 2006 |
| 300 ## - PHYSICAL DESCRIPTION | |
| Extent | 994p. |
| 365 ## - TRADE PRICE | |
| Price note | Rupees |
| Unit of pricing | 1 |
| Price amount | 300.00 |
| 366 ## - TRADE AVAILABILITY INFORMATION | |
| Publishers' discount category | 0 |
| 620 ## - | |
| -- | "Recording of financial data, Trial Balance, Bills of exchange, Final Accounts, Capital & Revenue, Single Entry, Contract Accounts, Royalty Accounts " |
| 630 ## - SUBJECT ADDED ENTRY--UNIFORM TITLE | |
| Uniform title | Fundamentals of Advanced Accounting |
| 730 ## - ADDED ENTRY--UNIFORM TITLE | |
| Uniform title | Fundamentals of Advanced Accounting |
| 942 ## - ADDED ENTRY ELEMENTS (KOHA) | |
| Koha item type | Book |
| Withdrawn status | Lost status | Materials specified (bound volume or other part) | Damaged status | Not for loan | Home library | Current library | Date acquired | Cost, normal purchase price | Total Checkouts | Full call number | Barcode | Date last seen | Price effective from | Koha item type |
|---|---|---|---|---|---|---|---|---|---|---|---|---|---|---|
| I | Dr. V. N. Bedekar Institute of Management Studies Library | Dr. V. N. Bedekar Institute of Management Studies Library | 10/12/2006 | 300.00 | 657.046 /PIL/BAG 5885 | VPMBRIMS-5885 | 03/19/2010 | 03/19/2010 | Book |